| 000 | 00370pam a2200145a 44500 | ||
|---|---|---|---|
| 008 | 230405s2017 xxu||||| |||| 00| 0 eng d | ||
| 020 | _a9789386217868 | ||
| 082 |
_a612.3 _bSHA |
||
| 100 | _aSharma,Monika | ||
| 245 | _aTextbook of Nutrition for B.Sc.Nursing Students | ||
| 260 |
_aNew Delhi _bCBS Pub. _c2017 |
||
| 300 | _a256 p. | ||
| 502 | _atext | ||
| 906 | _a003874 | ||
| 999 |
_c252104 _d252104 |
||